LEADER 00927nam0-22003491i-450- 001 990006409050403321 005 20130322122556.0 010 $a88-14-07644-8 035 $a000640905 035 $aFED01000640905 035 $a(Aleph)000640905FED01 035 $a000640905 100 $a20130322d1999----km-y0itay50------ba 101 0 $aita 102 $aIT 105 $ay-------001yy 200 1 $a<>contratto di franchising$fa cura di A. Frignani 210 $aMilano$cGiuffrè$d1999 215 $aVI, 356 p.$d24 cm 225 1 $aDiritto privato$v2 610 0 $aContratti atipici 676 $a346.024$v20$zita 702 1$aFrignani,$bAldo 801 0$aIT$bUNINA$gRICA$2UNIMARC 901 $aBK 912 $a990006409050403321 952 $aVIII P 36 (2)$b39579*$fFGBC 952 $a16-E-122$b11056$fDDCP 959 $aFGBC 959 $aDDCP 996 $aContratto di franchising$9660816 997 $aUNINA LEADER 02175oem 2200565Ia 450 001 9910696150303321 005 20070925105649.0 035 $a(CKB)5470000002375308 035 $a(OCoLC)76042572 035 $a(OCoLC)319699982 035 $a(EXLCZ)995470000002375308 100 $a20061115d2006 da 101 0 $aeng 120 $ab|||||||||||| 121 $a||||||||| 124 $bd 135 $aurcnu--|m|||| 181 $ccrd$2rdacontent 182 $cc$2rdamedia 183 $acr$2rdacarrier 200 10$aGeologic map of the Kings Mountain and Grover quadrangles, Cleveland and Gaston Counties, North Carolina, and Cherokee and York Counties, South Carolina$b[electronic resource] /$fby J. Wright Horton, Jr. ; U.S. Department of the Interior, U.S. Geological Survey ; prepared in cooperation with the National Park Service 205 $aVersion 1.0. 210 1$a[Reston, Va.?] :$cU.S. Geological Survey,$d2006. 215 $a1 electronic map $cHTML, digital, PDF file 225 1 $aU.S. Geological Survey open-file report ;$v2006-1238 300 $aTitle from HTML index page (viewed on Nov. 13, 2006). 300 $aRelief shown by contours and shading. 300 $aIncludes location map. 320 $aIncludes bibliographical references. 606 $aGeology$zNorth Carolina$zCleveland County$vMaps 606 $aGeology$zNorth Carolina$zGaston County$vMaps 606 $aGeology$zSouth Carolina$zPiedmont$vMaps 606 $aGeology$zSouth Carolina$zCherokee County$vMaps 606 $aGeology$zSouth Carolina$zYork County$vMaps 608 $aMaps.$2lcgft 615 0$aGeology 615 0$aGeology 615 0$aGeology 615 0$aGeology 615 0$aGeology 700 $aHorton$b J. Wright$01381314 712 02$aGeological Survey (U.S.) 712 02$aUnited States.$bNational Park Service. 801 0$bGIS 801 1$bGIS 801 2$bGPO 906 $aBOOK 912 $a9910696150303321 996 $aGeologic map of the Kings Mountain and Grover quadrangles, Cleveland and Gaston Counties, North Carolina, and Cherokee and York Counties, South Carolina$93515450 997 $aUNINA